The first three year development of the Malaysian institute of management (1973 - 1975)

Đã lưu trong:
Bibliografiske detaljer
Institution som forfatter: The Malaysian Institute of Management
Format: Bog
Sprog:Undetermined
Udgivet: Kuala Lumpur The Asian Association of Management Organisations 1973
Fag:
Tags: Tilføj Tag
Ingen Tags, Vær først til at tagge denne postø!
Thư viện lưu trữ: Trung tâm Học liệu Trường Đại học Cần Thơ
LEADER 00580nam a2200181Ia 4500
001 CTU_90489
008 210402s9999 xx 000 0 und d
082 |a 658.8 
082 |b F527 
110 |a The Malaysian Institute of Management 
245 4 |a The first three year development of the Malaysian institute of management (1973 - 1975) 
260 |a Kuala Lumpur 
260 |b The Asian Association of Management Organisations 
260 |c 1973 
650 |a malaya 
650 |x management, plans 
904 |i Năm 
980 |a Trung tâm Học liệu Trường Đại học Cần Thơ